Busiest Railway Stations in North East England - Statistics

General Stats
  • This quiz has been taken 235 times
  • The average score is 12 of 20
Answer Stats
No. of Passenger Entries / Exits Station % Correct
8,756,828 Newcastle
100%
2,747,748 Durham
96%
447,702 Sunderland
95%
1,312,916 Middlesbrough
92%
2,324,906 Darlington
89%
638,050 Hartlepool
74%
335,088 MetroCentre
66%
418,418 Morpeth
60%
345,786 Hexham
55%
568,336 Berwick-Upon-Tweed
52%
219,592 Chester-Le-Street
50%
339,826 Alnmouth
45%
123,144 Bishop Auckland
45%
602,038 Thornaby
42%
149,314 Yarm
38%
140,894 Seaham
37%
344,486 Redcar Central
34%
237,468 Saltburn
34%
207,186 Eaglescliffe
32%
147,230 Prudhoe
24%
No matching quizzes found
Score Distribution
Percent of People with Each Score
Percentile by Number Answered
Your Score History
You have not taken this quiz